Operas of Wolfgang Amadeus Mozart - Statistics

General Stats
  • This quiz has been taken 81 times
    77 since last reset
  • The average score is 8 of 23
Answer Stats
Year Composed Opera % Correct
1786 Le nozze di Figaro
96%
1791 Die Zauberflöte
94%
1787 Don Giovanni
89%
1790 Così fan tutte
70%
1780-1781 Idomeneo, re di Creta
57%
1782 Die Entführung aus dem Serail
51%
1791 La clemenza di Tito
49%
1768 Bastien und Bastienne
28%
1775 Il re pastore
23%
1774 La finta giardiniera
23%
1786 Der Schauspieldirektor
21%
1768 La finta semplice
21%
1770 Mitridate, re di Ponto
21%
1779 Zaide
19%
1772 Lucio Silla
17%
1771 Ascanio in Alba
15%
1784 L'oca del Cairo
13%
1767 Apollo et Hyacinthus
11%
1772 Il sogno di Scipione
11%
1784 Lo sposo deluso
11%
1790 Der Stein der Weisen
9%
1773-1779 Thamos, König in Ägypten
8%
1767 Die Schuldigkeit des Ersten Gebots
4%
No matching quizzes found
Score Distribution
Percent of People with Each Score
Percentile by Number Answered
Your Score History
You have not taken this quiz since the last reset